000 00891 a2200265 4500
999 _c6900
_d6900
020 _a9780340990483
020 _a0340990481
050 0 0 _aH62 DHI 2010
100 1 _aDhillon, Guch.
_eauthor
245 1 0 _aIntermediate modern studies /
_cGuch Dhillon, Alison Elliott, and Vicki Jolly ; editor, Frank Cooney.
264 _aPaisley PA1 :
_bHodder Gibson,
_c2010.
300 _a224 p. :
_bcol. ill., maps ;
500 _aedited by Frank Cooney
650 0 _aSocial sciences.
650 0 _aSocial sciences
_xExaminations
650 0 _aWorld politics
650 0 _aWorld politics
_xExaminations
650 0 _aHistory, Modern
650 0 _aHistory, Modern
_xExaminations
700 1 _aElliott, Alison.
_eauthor
700 1 _aJolly, Vicki A.
_eauthor
700 1 _aCooney, Frank.
_eeditor
942 _2lcc
_cBK
_h62
_iDHI
_kH